A PRACTICAL BOOK OF PHARMACOLOGY -III (Record no. 1219007)

MARC details
000 -LEADER
fixed length control field 00440nam a2200169Ia 4500
008 - FIXED-LENGTH DATA ELEMENTS--GENERAL INFORMATION
fixed length control field 260407s2023 xx 000 0 und d
041 ## - LANGUAGE CODE
Language code of text/sound track or separate title eng
082 ## - DEWEY DECIMAL CLASSIFICATION NUMBER
Classification number 615/GAU
Item number 11515
100 ## - MAIN ENTRY--PERSONAL NAME
Personal name DR.RUPESH GAUTAM
245 ## - TITLE STATEMENT
Title A PRACTICAL BOOK OF PHARMACOLOGY -III
250 ## - EDITION STATEMENT
Edition statement 3RD
260 ## - PUBLICATION, DISTRIBUTION, ETC.
Place of publication, distribution, etc. PUNE
Name of publisher, distributor, etc. NIRLAI PRAKASHAN
Date of publication, distribution, etc. 2023
300 ## - PHYSICAL DESCRIPTION
Extent 35p
650 ## - SUBJECT ADDED ENTRY--TOPICAL TERM
Topical term or geographic name entry element PHARMACOLOGY
650 ## - SUBJECT ADDED ENTRY--TOPICAL TERM
Topical term or geographic name entry element PRACTICAL PHARMACOLOGY -III
700 ## - ADDED ENTRY--PERSONAL NAME
Personal name BALJINDAR SINGH
Holdings
Withdrawn status Lost status Damaged status Not for loan Home library Current library Date acquired Cost, normal purchase price Total Checkouts Full call number Barcode Date last seen Price effective from Koha item type
        College of Pharmacy, Kolhapur College of Pharmacy, Kolhapur 21/03/2024 55.00   615/GAU/11515 PCK-11515 08/04/2026 08/04/2026 Book